The future of retail banking : delivering value to global customers

Αποθηκεύτηκε σε:
Λεπτομέρειες βιβλιογραφικής εγγραφής
Κύριος συγγραφέας: DiVanna, Joseph A.
Μορφή: Βιβλίο
Γλώσσα:English
Δημοσίευση: Basingstoke, Hampshire : Palgrave Macmillan, c2004
Θέματα:
Ετικέτες: Προσθήκη ετικέτας
Δεν υπάρχουν, Καταχωρήστε ετικέτα πρώτοι!

MARC

LEADER 00000nam a2200000 i 4500
001 1/65616
008 071203s2004 eng d
020 |a 978-1-4039-1126-1 
020 |a 1-4039-1126-6 
035 |l 10092743 
040 |a GR-MY-UA  |b gre  |e aacr 
041 0 |a eng 
082 0 |a 332.12068  |2 (22) 
100 1 |a DiVanna, Joseph A. 
245 1 4 |a The future of retail banking :  |b delivering value to global customers /  |c Joseph A. DiVanna 
260 |a Basingstoke, Hampshire :   |b Palgrave Macmillan,   |c c2004 
300 |a xiii, 178 σ.;  |b εικ.;  |c 25 εκ. 
504 |a Βιβλιογραφία : σ. 174-176. Ευρετήριο 
650 0 0 |a Banks and banking. 
650 0 0 |a Financial services industry. 
650 0 0 |a Customer services  |x Management. 
650 0 0 |a Value. 
852 |a INST  |b CHIOS  |e 20071203  |h 332.12068 DIV  |p 005200028218  |q 005200028218  |t BK  |y 0 
901 |a BIBL2-2007-3 
909 |a Χ  |b 140676 
922 |a 2ΕΛΗ  |b 200711  |c ΕΠΕΑΕΚ2/ΤΜΟΔ  |d ΕΛΕΥΘΕΡΟΥΔΑΚΗΣ 
970 |a ΒΑΡΦΗΣ  |b ΒΑΓΓΕΛΗΣ  |z 2007/12/03